|
|
|
|
| LEADER |
00000nam0a2200000 4500 |
| 001 |
321919 |
| 005 |
20231102003426.0 |
| 035 |
|
|
|a (RuTPU)RU\TPU\book\347475
|
| 090 |
|
|
|a 321919
|
| 100 |
|
|
|a 20160908d1906 km y0rusy50 ca
|
| 101 |
0 |
|
|a rus
|
| 102 |
|
|
|a RU
|
| 105 |
|
|
|a af j 000zy
|
| 200 |
1 |
|
|a Судовые вспомогательные механизмы
|e описательный и теоретический курс
|h Вып.1
|f Г. Пио-Ульский
|
| 210 |
|
|
|a Санкт-Петербург
|c Типо-литография А. Э. Винеке
|d 1906
|
| 215 |
|
|
|a 204 с.
|c ил.
|e Прилож. 2 вкл. л. черт.
|
| 225 |
1 |
|
|a Издание Морского Инженерного училища Императора Николая I
|
| 300 |
|
|
|a Текст в русской дореформенной орфографии
|
| 606 |
1 |
|
|a Судовые вспомогательные механизмы
|x Ремонт
|2 stltpush
|3 (RuTPU)RU\TPU\subj\58106
|9 75935
|
| 610 |
1 |
|
|a учебные пособия
|
| 610 |
1 |
|
|a рулевые механизмы
|
| 610 |
1 |
|
|a подъемные механизмы
|
| 610 |
1 |
|
|a холодильные машины
|
| 610 |
1 |
|
|a размеры
|
| 610 |
1 |
|
|a якоря
|
| 610 |
1 |
|
|a мусорные машины
|
| 675 |
|
|
|a 629.12.06(075)
|v 4
|
| 700 |
|
1 |
|a Пио-Ульский
|b Г.
|
| 801 |
|
1 |
|a RU
|b 63413507
|c 20160908
|
| 801 |
|
2 |
|a RU
|b 63413507
|c 20200929
|g RCR
|
| 942 |
|
|
|c BK
|